| 000 | 01283cam a22003014a 4500 | ||
|---|---|---|---|
| 999 |
_c128575 _d128575 |
||
| 001 | 12713000 | ||
| 003 | ARRUPE | ||
| 005 | 20181115092930.0 | ||
| 008 | 020321s2002 pau b 001 0 eng | ||
| 010 | _a 2002004369 | ||
| 020 | _a1563383810 (alk. paper) | ||
| 040 |
_aDLC _cDLC _dDLC |
||
| 042 | _apcc | ||
| 050 | 0 | 0 |
_aBR110 _b.R46 2002 |
| 082 | 0 | 0 |
_a234/.5 _221 |
| 100 | 1 |
_aReno, Russell R., _d1959- _943468 |
|
| 245 | 1 | 0 |
_aRedemptive change : _batonement and the Christian cure of the soul / _cR.R. Reno. |
| 260 |
_aHarrisburg, Pa. : _bTrinity Press International, _cc2002. |
||
| 300 |
_axii, 267 p. ; _c23 cm. |
||
| 440 | 0 |
_aTheology for the twenty-first century _934735 |
|
| 504 | _aIncludes bibliographical references (p. 247-252) and index. | ||
| 650 | 0 |
_aChristianity _xPsychology. _943469 |
|
| 650 | 0 |
_aChange (Psychology) _xReligious aspects _xChristianity. _943470 |
|
| 650 | 0 |
_aIdentity (Psychology) _xReligious aspects _xChristianity. _943471 |
|
| 650 | 0 |
_aAtonement _xPsychology. _943472 |
|
| 650 | 0 |
_aHumanistic psychology. _943473 |
|
| 906 |
_a7 _bcbc _corignew _d1 _eecip _f20 _gy-gencatlg |
||
| 942 |
_2lcc _cMONOGRAPH |
||